| 000 | 00642cam a22001697a 4500 | ||
|---|---|---|---|
| 008 | 180718b2008 xxu||||| |||| 00| 0 eng d | ||
| 020 | _a8182054818 | ||
| 082 | _aBA27x54 Sa14e | ||
| 245 |
_aEmancipation of dalits and freedom struggle _cedited by H.C. Sadangi |
||
| 260 |
_aDelhi _bIsha Books _c2008 |
||
| 300 | _a416p. | ||
| 650 | _aScheduled castes and scheduled tribes - India. | ||
| 650 | _aMaharashtra (India) --Politics and government --20th century | ||
| 650 | _aDalits --India --Maharashtra --Social conditions --20th century | ||
| 650 | _aDalits --India --Maharashtra --Social conditions --19th century | ||
| 700 | _aSadangi, H.C. | ||
| 999 |
_c408098 _d408098 |
||